Car Logos With Green on Them - Statistics

General Stats
  • This quiz has been taken 62 times
  • The average score is 5 of 6
Answer Stats
Picture Answer % Correct
Jeep
98%
Skoda
93%
Infiniti
88%
Land Rover
86%
Lotus
72%
Ruf
35%
No matching quizzes found
Score Distribution
Percent of People with Each Score
Percentile by Number Answered
Your Score History
You have not taken this quiz